Morley launches indicators (Record no. 62608)

MARC details
000 -LEADER
fixed length control field 00717cam a2200193 4500
001 - CONTROL NUMBER
control field WB3608-34
008 - FIXED-LENGTH DATA ELEMENTS--GENERAL INFORMATION
fixed length control field 000000n2000 000 0 eng u
035 ## - SYSTEM CONTROL NUMBER
System control number (Sirsi) u104362
245 ## - TITLE STATEMENT
Title Morley launches indicators
260 ## - PUBLICATION, DISTRIBUTION, ETC.
Date of publication, distribution, etc. 2000
490 ## - SERIES STATEMENT
Series statement MAFF News Release
Volume/sequential designation (53/00) 21 February 2000 (3)
520 ## - SUMMARY, ETC.
Summary, etc. The government has launched a set of indicators to assess the economic, social and environmental impact of agriculture. The publication "Towards sustainable agriculture: a pilot scheme of indicators" is available at http://www.maff.gov.uk
590 ## - LOCAL NOTE (RLIN)
Local note WB
650 ## - SUBJECT ADDED ENTRY--TOPICAL TERM
Topical term or geographic name entry element MAFF
650 ## - SUBJECT ADDED ENTRY--TOPICAL TERM
Topical term or geographic name entry element INDICATORS
650 ## - SUBJECT ADDED ENTRY--TOPICAL TERM
Topical term or geographic name entry element SUSTAINABLE AGRICULTURE
690 ## - LOCAL SUBJECT ADDED ENTRY--TOPICAL TERM (OCLC, RLIN)
Topical term or geographic name as entry element RURAL-AGRICULTURE AND FORESTRY
942 ## - ADDED ENTRY ELEMENTS (KOHA)
Suppress in OPAC 0
Holdings
Withdrawn status Lost status Source of classification or shelving scheme Damaged status Not for loan Home library Current library Shelving location Date acquired Total Checkouts Full call number Barcode Date last seen Copy number Price effective from Koha item type
    Dewey Decimal Classification     London London News article 23/02/2000   WB3608-34 104362-1001 06/08/2019 1 06/08/2019 Journal article